[Event "8th Gyorgy Marx GM"]
[Site "Paks HUN"]
[Date "2010.08.06"]
[Round "1"]
[White "Almasi,Z"]
[Black "Acs,Peter"]
[Result "1/2-1/2"]
[WhiteElo "2717"]
[BlackElo "2602"]
[EventDate "2010.08.06"]

1. e4 c5 2. Nf3 d6 3. d4 cxd4 4. Nxd4 Nf6 5. Nc3 Nc6 6. Bg5 e6 7. Qd2 Be7
8. O-O-O O-O 9. f4 Nxd4 10. Qxd4 Qa5 11. Kb1 h6 12. h4 e5 13. Qf2 exf4 14.
Nd5 Nxd5 15. Rxd5 Qc7 16. Qxf4 Re8 17. Bxh6 Bf6 18. Bb5 Be6 19. Bxe8 Bxd5
20. exd5 Rxe8 21. Qg4 Qa5 22. Bc1 Qxd5 23. h5 Qe4 24. Qh3 Qc4 25. h6 Re2
26. Qf5 Qe6 27. Qd3 Qe4 28. Qxe4 Rxe4 29. hxg7 Re2 30. g4 Rg2 31. Rd1 Be5
32. g5 Kxg7 33. c3 Kf8 34. Rh1 Ke7 35. Rh4 Kd7 36. Rh7 Ke6 37. Rh4 Kd7 38.
Rh7 Ke6 39. Rh4 1/2-1/2

[Event "8th Gyorgy Marx GM"]
[Site "Paks HUN"]
[Date "2010.08.07"]
[Round "2"]
[White "Laznicka,V"]
[Black "Berkes,F"]
[Result "1-0"]
[WhiteElo "2638"]
[BlackElo "2670"]
[EventDate "2010.08.06"]

1. d4 Nf6 2. c4 e6 3. g3 d5 4. Nf3 Bb4+ 5. Bd2 Be7 6. Bg2 c6 7. Qc2 O-O 8.
O-O b6 9. Bf4 Bb7 10. Rd1 Nbd7 11. Ne5 Rc8 12. Nc3 Nh5 13. Bc1 Nhf6 14. Bf4
Nh5 15. Bc1 Nhf6 16. e4 dxc4 17. Nxc4 b5 18. Ne3 Qb6 19. b3 Rfd8 20. Bb2 a6
21. Qe2 Re8 22. Rac1 Bf8 23. e5 Nd5 24. Ne4 Qa7 25. Qh5 h6 26. Ng4 a5 27.
Rd3 Rcd8 28. Rf3 Re7 29. Nef6+ gxf6 30. exf6 N7xf6 31. Rxf6 Nxf6 32. Nxf6+
Kh8 33. Ng4 f6 34. d5 e5 35. Nxf6 1-0

[Event "8th Gyorgy Marx GM"]
[Site "Paks HUN"]
[Date "2010.08.07"]
[Round "2"]
[White "Timman,J"]
[Black "Acs,Peter"]
[Result "1/2-1/2"]
[WhiteElo "2586"]
[BlackElo "2602"]
[EventDate "2010.08.06"]

1. e4 e5 2. Nf3 Nc6 3. Bb5 a6 4. Bxc6 dxc6 5. O-O f6 6. d4 exd4 7. Nxd4 c5
8. Nb3 Qxd1 9. Rxd1 Bg4 10. f3 Bd7 11. Nc3 O-O-O 12. Bf4 c4 13. Na5 Bc5+
14. Kf1 b5 15. Nd5 Ne7 16. Bxc7 Nxd5 17. Rxd5 Kxc7 18. Rxc5+ Kb6 19. b4
cxb3 20. Nxb3 Be6 21. Rc3 Rc8 22. Rxc8 Rxc8 23. Nd4 Bf7 24. Ke2 Rc3 25. Kd2
b4 26. Nf5 g6 27. Ne3 Be6 28. f4 a5 29. f5 gxf5 30. exf5 Bf7 31. Ng4 Rc5
32. Ne3 Rc3 33. a4 Rc5 34. Kd3 Rc6 35. Ke4 Rd6 36. g4 Kc5 37. h4 Rd4+ 38.
Kf3 h6 39. Rg1 Be8 40. g5 Bh5+ 41. Kf2 Rf4+ 42. Ke1 hxg5 43. hxg5 Kd4 44.
Rg3 fxg5 45. Rxg5 Kxe3 46. Rxh5 Rf3 47. f6 Rxf6 48. Rxa5 Rh6 49. Re5+ Kd4
1/2-1/2

[Event "8th Gyorgy Marx GM"]
[Site "Paks HUN"]
[Date "2010.08.09"]
[Round "4"]
[White "Acs,Peter"]
[Black "Berkes,F"]
[Result "1/2-1/2"]
[WhiteElo "2602"]
[BlackElo "2670"]
[EventDate "2010.08.06"]

1. e4 c6 2. d4 d5 3. e5 Bf5 4. Be3 e6 5. Nd2 Nd7 6. Be2 Bg6 7. f4 h5 8. Bf2
Be7 9. c3 Qb6 10. Qb3 Nh6 11. Ngf3 Ng4 12. Bg1 h4 13. Ng5 Nh6 14. g4 hxg3
15. hxg3 a5 16. g4 a4 17. Qxb6 Nxb6 18. a3 Kd7 19. O-O-O f5 20. exf6 gxf6
21. Nh3 Bd6 22. Be3 f5 23. Nf2 fxg4 24. Nxg4 Nf5 25. Nf3 Ng3 26. Nge5+ Bxe5
27. Nxe5+ Kd6 28. Rhe1 Nxe2+ 29. Rxe2 Bh5 30. Rh2 Bxd1 31. Nf7+ Kc7 32.
Nxh8 Nc4 33. Kxd1 Nxe3+ 34. Ke2 Nc4 35. Nf7 Nxb2 36. Rh7 Nc4 37. Nd8+ Kxd8
38. Rh8+ Kd7 39. Rxa8 b5 40. Kd3 Nxa3 41. Ra7+ Kd6 42. Rh7 Nc4 43. Rh6 Kd7
44. Rh7+ Kd6 1/2-1/2

[Event "8th Gyorgy Marx GM"]
[Site "Paks HUN"]
[Date "2010.08.10"]
[Round "5"]
[White "Laznicka,V"]
[Black "Acs,Peter"]
[Result "1-0"]
[WhiteElo "2638"]
[BlackElo "2602"]
[EventDate "2010.08.06"]

1. d4 d5 2. c4 c6 3. Nf3 Nf6 4. e3 Bg4 5. Qb3 Qb6 6. Nc3 e6 7. Nh4 Nbd7 8.
h3 Bh5 9. Bd2 Be7 10. g4 Bg6 11. Nxg6 hxg6 12. Bg2 Qa6 13. cxd5 Nxd5 14.
O-O-O Rc8 15. Kb1 Nxc3+ 16. Bxc3 b5 17. d5 Nc5 18. Qc2 cxd5 19. Bxg7 Rg8
20. Bd4 b4 21. Qd2 b3 22. a3 Nb7 23. e4 Bxa3 24. bxa3 Rc2 25. Qb4 Rc4 26.
Bf1 Nd6 27. Bxc4 Nxc4 28. a4 1-0

[Event "8th Gyorgy Marx GM"]
[Site "Paks HUN"]
[Date "2010.08.12"]
[Round "6"]
[White "Acs,Peter"]
[Black "Almasi,Z"]
[Result "1/2-1/2"]
[WhiteElo "2602"]
[BlackElo "2717"]
[EventDate "2010.08.06"]

1. e4 c5 2. Nf3 d6 3. d4 cxd4 4. Nxd4 Nf6 5. Nc3 a6 6. Bc4 e6 7. O-O Be7 8.
Bb3 O-O 9. Qf3 Nbd7 10. Rd1 Qc7 11. Qg3 Nc5 12. Bh6 Ne8 13. a3 Kh8 14. Bg5
Bxg5 15. Qxg5 Nf6 16. Qe3 e5 17. Nf5 Bxf5 18. exf5 Nxb3 19. cxb3 Rad8 20.
Qf3 Rfe8 21. Rac1 Qd7 22. Nd5 e4 23. Qf4 Re5 24. Nb6 Qxf5 25. Qxf5 Rxf5 26.
Rc8 Re8 27. Rxd6 Rxc8 28. Nxc8 h5 29. b4 Re5 30. Rd2 e3 31. fxe3 Rxe3 32.
h3 Re1+ 33. Kf2 Re6 34. Kf3 Kh7 35. Nd6 Re7 36. g4 hxg4+ 37. hxg4 Kg6 38.
Rc2 Rd7 39. Nf5 Rd1 40. Ne7+ Kh6 41. g5+ Kxg5 42. Rg2+ Kh5 43. Rh2+ Kg5 44.
Rg2+ Kh5 45. Rxg7 Ne8 46. Rg8 Nd6 47. Rd8 Rf1+ 48. Ke2 Rf6 49. Kd3 Kg4 50.
a4 Rh6 51. Kd4 Re6 52. Nd5 Nf5+ 53. Kc4 Nd6+ 54. Kc5 Ne4+ 55. Kd4 f5 56. b5
axb5 57. axb5 Nf6 58. Nxf6+ Rxf6 59. Ke5 Rb6 60. Rg8+ Kf3 61. Kxf5 Rxb5+
62. Ke6 Ke4 63. Kd6 Rxb2 64. Kc5 Kd3 65. Rg3+ Ke4 66. Rg4+ 1/2-1/2

[Event "8th Gyorgy Marx GM"]
[Site "Paks HUN"]
[Date "2010.08.13"]
[Round "7"]
[White "Acs,Peter"]
[Black "Timman,J"]
[Result "1-0"]
[WhiteElo "2602"]
[BlackElo "2586"]
[EventDate "2010.08.06"]

1. e4 e5 2. Nf3 Nf6 3. Nc3 Nc6 4. Bb5 Bb4 5. O-O O-O 6. d3 d6 7. Bg5 Bxc3
8. bxc3 Qe7 9. Re1 Nd8 10. d4 Ne6 11. Bc1 Rd8 12. Bf1 h6 13. g3 Nh7 14. Bg2
Neg5 15. Nxg5 hxg5 16. f4 gxf4 17. gxf4 Qh4 18. Rf1 Bh3 19. Qf3 Bxg2 20.
Qxg2 Re8 21. Bd2 c5 22. d5 Nf6 23. Rae1 Qg4 24. Qxg4 Nxg4 25. f5 Nf6 26.
Rf3 Kf8 27. Rg3 Ke7 28. Rxg7 Rg8 29. Rg3 Nh5 30. Rxg8 Rxg8+ 31. Kf2 Nf4 32.
Bxf4 exf4 33. Kf3 Kf6 34. Kxf4 Rg2 35. Rh1 Rf2+ 36. Ke3 Rxc2 37. h4 Rxc3+
38. Kf4 Kg7 39. h5 Kh6 40. Rd1 Rc4 41. f6 Ra4 42. Kf5 Rxa2 43. e5 Rf2+ 44.
Kg4 c4 45. e6 c3 46. e7 1-0

[Event "8th Gyorgy Marx GM"]
[Site "Paks HUN"]
[Date "2010.08.13"]
[Round "7"]
[White "Berkes,F"]
[Black "Laznicka,V"]
[Result "0-1"]
[WhiteElo "2670"]
[BlackElo "2638"]
[EventDate "2010.08.06"]

1. d4 d5 2. Bf4 Nf6 3. e3 c5 4. c3 Nc6 5. Nd2 a6 6. Ngf3 cxd4 7. exd4 Bg4
8. Qb3 Na5 9. Qc2 e6 10. Bd3 Bh5 11. Ne5 Bg6 12. h4 Bd6 13. h5 Bxd3 14.
Qxd3 Qc7 15. h6 g6 16. Qf3 O-O 17. Bg5 Bxe5 18. Bxf6 Bd6 19. Nf1 Nc4 20.
Ne3 Nxb2 21. Ng4 Rfc8 22. Rh3 Nc4 23. Rd1 b5 24. Bg7 Be7 25. Bf6 Nd6 26.
Bxe7 Qxe7 27. Nf6+ Kh8 28. g4 Ne8 29. Nxe8 Rxe8 30. Qf4 g5 31. Qh2 Rg8 32.
Kf1 Rg6 33. Re1 Kg8 34. Qe5 Qf6 35. Qxf6 Rxf6 36. Rh5 Rc8 37. Re3 Rg6 38.
Ke2 Kf8 39. Kd3 Ke7 40. f3 Rc4 41. Re5 f6 42. Re2 Rg8 0-1

[Event "8th Gyorgy Marx GM"]
[Site "Paks HUN"]
[Date "2010.08.15"]
[Round "9"]
[White "Acs,Peter"]
[Black "Laznicka,V"]
[Result "0-1"]
[WhiteElo "2602"]
[BlackElo "2638"]
[EventDate "2010.08.06"]

1. d4 d5 2. c4 c6 3. Nc3 Nf6 4. e3 a6 5. Nf3 b5 6. b3 Bg4 7. Be2 Nbd7 8.
O-O e6 9. h3 Bf5 10. Bb2 Qb8 11. Nh4 Be4 12. Nxe4 dxe4 13. f4 bxc4 14. Bxc4
Be7 15. g3 Nd5 16. Ng2 O-O 17. Qc2 f5 18. Bxd5 cxd5 19. Qc6 Qd6 20. Rfc1
Rfb8 21. Qxd6 Bxd6 22. Rc6 Bf8 23. Rb1 a5 24. Bc3 a4 25. b4 Nb6 26. Rxe6
Nc4 27. g4 Rc8 28. Be1 Na3 29. Rb2 Rc1 30. gxf5 Nc4 31. Re2 Bxb4 32. Rc6
Rb8 33. Kh2 Bxe1 34. Nxe1 a3 35. Kg3 Rb2 36. Rc8+ Kf7 37. Rc7+ Kf8 38. Kf2
Ra1 39. Rc8+ Ke7 40. Rc7+ Kd6 41. Rxg7 Raxa2 0-1